Underground, under threat (Record no. 106165)

MARC details
000 -LEADER
fixed length control field 01034cam a2200205 4500
001 - CONTROL NUMBER
control field ##L135703
008 - FIXED-LENGTH DATA ELEMENTS--GENERAL INFORMATION
fixed length control field 061127n 000 0 eng u
035 ## - SYSTEM CONTROL NUMBER
System control number (Sirsi) u135703
041 0# - LANGUAGE CODE
Language code of text/sound track or separate title eng
050 04 - LIBRARY OF CONGRESS CALL NUMBER
Classification number 628.114 $2 22
110 2# - MAIN ENTRY--CORPORATE NAME
Corporate name or jurisdiction name as entry element England and Wales
Subordinate unit Environment Agency
9 (RLIN) 2469
245 00 - TITLE STATEMENT
Title Underground, under threat
Remainder of title the state of groundwater in England and Wales
260 ## - PUBLICATION, DISTRIBUTION, ETC.
Place of publication, distribution, etc. Bristol
Name of publisher, distributor, etc. Environment Agency
Date of publication, distribution, etc. [2006?]
520 ## - SUMMARY, ETC.
Summary, etc. Discusses the current condition of groundwater in England and Wales. Looks at how groundwater works, balancing supply and demand, ground water pollution, how to look after groundwater, and groundwater in the future. Includes a summary of the main issues affecting groundwater. (See also L135538).
590 ## - LOCAL NOTE (RLIN)
Local note KA
651 #4 - SUBJECT ADDED ENTRY--GEOGRAPHIC NAME
Geographic name England and Wales
Chronological subdivision 1543-
690 ## - LOCAL SUBJECT ADDED ENTRY--TOPICAL TERM (OCLC, RLIN)
Topical term or geographic name as entry element ENVIRONMENTAL AND LAND CONSULTANCY-WATER RESOURCE MANAGEMENT
856 40 - ELECTRONIC LOCATION AND ACCESS
Uniform Resource Identifier <a href="https://publications.environment-agency.gov.uk/PDF/GEHO0906BLDB-E-E.pdf">https://publications.environment-agency.gov.uk/PDF/GEHO0906BLDB-E-E.pdf</a>
Public note View the report free of charge at www.environment-agency.gov.uk.
942 ## - ADDED ENTRY ELEMENTS (KOHA)
Suppress in OPAC 0
Holdings
Withdrawn status Lost status Source of classification or shelving scheme Damaged status Not for loan Home library Current library Shelving location Date acquired Total Checkouts Full call number Barcode Date last seen Copy number Price effective from Koha item type
    Dewey Decimal Classification     Virtual Virtual Online 27/11/2006   ONLINE PUBLICATION 135703-2001 06/08/2019 1 06/08/2019 Book